Nuevo catecismo católico: creer, vivir, obrar

שמור ב:
מידע ביבליוגרפי
פורמט: ספר
שפה:ספרדית
יצא לאור: Barcelona Herder 1971
נושאים:
תגים: הוספת תג
אין תגיות, היה/י הראשונ/ה לתייג את הרשומה!

MARC

LEADER 00000nam a2200000 a 4500
001 UCL2142
003 CL-VaPUC
008 031010e19710000SP |||||||||||||||||spa|d
082 0 4 |a 238  |b NUE  |2 21 
245 1 0 |a Nuevo catecismo católico: creer, vivir, obrar 
300 |a 303 p 
942 |c BK 
945 |d 20031010 00:00:00  |a vberengu 
260 |a Barcelona  |b Herder  |c 1971 
600 0 |a Dios  |9 314467 
600 0 |a Jesús  |9 313614 
650 0 |a Cristianismo  |9 257361 
650 0 |a Creencia Religiosa  |9 316904 
650 0 |a Iglesia   |9 255004 
650 0 |a Oración  |9 313348 
650 7 |a PRACTICA RELIGIOSA  |2 CL-VaPUC  |9 479150 
650 0 |a Sacramentos   |9 257270 
650 7 |a MATRIMONIO  |2 CL-VaPUC  |9 479151 
650 7 |a BAUTIZO  |2 CL-VaPUC  |9 479152 
650 0 |a Confirmación   |9 255060 
650 0 |a Fe  |9 308036 
583 |a last modification  |c 20031010 00:00:00  |k Rodrigo Vera 
999 |c 305501  |d 305499 
952 |0 0  |1 0  |4 0  |6 238_000000000000000_NUE_1971  |7 0  |8 A  |9 369439  |a BIBTEO  |b BIBTEO  |d 2019-11-21  |i 208046K  |o 238 NUE 1971  |p 208046K  |r 2025-01-17  |w 2019-11-21  |y BK  |k ICR